Lectures on the origin and growth of religion: illustrated by the religion of India (Record no. 216671)

MARC details
000 -LEADER
fixed length control field 00409nam a2200145Ia 4500
008 - FIXED-LENGTH DATA ELEMENTS--GENERAL INFORMATION
fixed length control field 230917s9999||||xx |||||||||||||| ||und||
040 ## - CATALOGING SOURCE
-- 45826
Original cataloging agency VIVEKANANDA LIBRARY
041 ## - Language
-- English
082 ## - DDC NUMBER
Classification number 200.1 M45L
100 ## - MAIN ENTRY--PERSONAL NAME
Personal name Maxmuller, F
245 #0 - TITLE STATEMENT
Title Lectures on the origin and growth of religion: illustrated by the religion of India
260 ## - PUBLICATION, DISTRIBUTION, ETC. (IMPRINT)
Place of publication, distribution, etc Varanasi
Name of publisher, distributor, etc Indological
Date of publication, distribution, etc 1964
300 ## - PHYSICAL DESCRIPTION
Pages xvi, 399 p.
942 ## - ADDED ENTRY ELEMENTS (KOHA)
Koha item type Books
Holdings
Withdrawn status Lost status Damaged status Not for loan Location (home branch) Sublocation or collection (holding branch) Date acquired Koha issues (times borrowed) Koha full call number Accession No. Koha date last seen Koha item type
        VIVEKANANDA LIBRARY VIVEKANANDA LIBRARY 26/11/2002   200.1 M45L 80989 17/09/2023 Books
© Designed and Maintained by Vivekananda Library, MDU Rohtak